000 00596nam a22001817a 4500
003 NUST-PNEC
005 20170116180743.0
008 150107b xxu||||| |||| 00| 0 eng d
040 _cPNEC
082 _a891.439 JAV
100 _91186
_aJaved Chaudhry
245 _aZero point 5 (Urdu)
_cJaved Chaudhry
260 _aLahore :
_bElm-o-Irfan Publishers,
_cc2009.
300 _a400 p. :
_c24 cm.
650 _xGeneral
856 _uhttp://www.amazon.com/s/ref=nb_sb_noss?url=search-alias%3Dstripbooks&field-keywords=zero+point+BY+JAVED+&rh=n%3A283155%2Ck%3Azero+point+BY+JAVED+
942 _2ddc
_cBK
999 _c62272
_d62272